Государственные и муниципальные финансы: учебник

Bibliographische Detailangaben
1. Verfasser: Бабич А. М. Анатолий Михайлович
Weitere Verfasser: Павлова Л. Н. Лариса Николаевна
Zusammenfassung:Исключено из фонда НТБ ТПУ
Sprache:Russisch
Veröffentlicht: Москва, Финансы, 1999
Format: MixedMaterials Buch
KOHA link:https://koha.lib.tpu.ru/cgi-bin/koha/opac-detail.pl?biblionumber=11424

MARC

LEADER 00000nam0a2200000 4500
001 11424
005 20231030183718.0
010 |a 5238000812 
035 |a (RuTPU)RU\TPU\book\11495 
035 |a BOOK00000082 
090 |a 11424 
100 |a 20011209d1999 m y0rusy50 ca 
101 0 |a rus 
102 |a RU 
105 |a y j 000zy 
200 1 |a Государственные и муниципальные финансы  |e учебник  |f А. М. Бабич, Л. Н. Павлова 
210 |a Москва  |c Финансы  |c ЮНИТИ  |d 1999 
215 |a 687 с. 
333 |a Исключено из фонда НТБ ТПУ 
686 |a У9(2)261.1я73  |v LBC/SL-A  |2 rubbk 
700 1 |a Бабич  |b А. М.  |g Анатолий Михайлович 
701 1 |a Павлова  |b Л. Н.  |g Лариса Николаевна 
801 0 |a RU  |b 63413507  |c 20011209  |g PSBO 
801 2 |a RU  |b 63413507  |c 20210617  |g PSBO 
942 |c BK